00275nam a2200109Ia 4500008004100000100002000041245003900061260002700100260000900127546001200136999001700148170619s9999 xx 000 0 und d aRESNICK- ROBERT 0aINTRODUCTION TO SPECIAL RELATIVITY bSingapore : John Wiley c2007 aENGLISH c18460d18460